Регионална библиотека "Любен Каравелов" - Русе

Необикновена година (Запис номер 172181)

MARC детайли
000 -Лидер
Контролно поле с фиксирана дължина 01339nam a2200301 a 4500
003 - Код на организацията, давaща контролен номер
Контролно поле BLK
005 - Дата и час на последна редакция
Контролно поле 20241112092128.0
008 - Елементи от данни с фиксирана дължина
fixed length control field 180411b bul|||||r ||||||| ||bul||
040 ## - Източник на каталожния запис
Идентификатор на билиотеката - собственик на записа BLK
041 ## - Код за език
Код за езика на текст/звукозапис или на отделно заглавие Български
Код за езика КДБФ Български
080 ## - УДК
Текстов определител УДК Руска литература
УДК код - определител по УДК 821.161.1
УДК определител -32
УДК - код + определител 821.161.1-32
100 1# - Редна дума - Автор
Автор Прилежаева, Мария Павловна
Авторска отговорност първи автор
R(LIN) 112980
139 ## - Редно поле
Редна дума Прилежаева, Мария Павловна
Авторски знак Прил - П 88
245 10 - Сведения за заглавието
Заглавие Необикновена година
Подзаглавни данни Повест [за В. И. Ленин]
Редно поле (дума) Мария Павловна Прилежаева; послесл. от Сергей Михалков; прев. от рус. Стефка Цветкова
257 ## - Страна на издаване
Страна на създаване/издаване България
260 ## - Област на издателските данни
Място на издаване, разпространение и проч. София
Име на издателя, разпространителя и проч. Нар. култура
Година на издаване 1969
300 ## - Физическа характеристика
Страници 244 с.
Размери/Мащаб 25 см
380 ## - Жанр
Жанр Худож. лит.
500 ## - Общи забележки
Забележка Ориг. загл. Удивительны год.
700 ## - Други автори (авторска отговорност)
Лично име Михалков, Сергей Владимирович
Дати, свързани с автора 1913 - 2009
Друга информация Писател, поет, драматург, баснописец.
9 (RLIN) 274880
700 1# - Други автори (авторска отговорност)
Лично име Цветкова, Стефка
Автороска отговорност (Описва отношението между автора и произведението) прев. от рус.
9 (RLIN) 375650
852 ## - Местоположение
Форматна сигнатура Цб 50220
856 4# - Електронен адрес и достъп
Електронен формат pdf - файл
856 4# - Електронен адрес и достъп
Електронен формат pdf - файл
999 ## - СИСТЕМНИ КОНТРОЛНИ НОМЕРА
Koha biblionumber 172181
Koha biblioitemnumber 172181
942 ## - АРТИКУЛИ
Вид на библиотечния материал Книги
Скрит в OPAC Не
Периодичен библиозапис Да
944 ## - СЪЗДАВАНЕ И РЕДАКЦИЯ на ЗАПИСА
Създаване/Редакция Създаване
Дата на регистрацията/редакция 27.08.2015
Служител, извършил регистрацията/редакцията 30560
Статус, дата на статуса Геновева Генчева
944 ## - СЪЗДАВАНЕ И РЕДАКЦИЯ на ЗАПИСА
Създаване/Редакция Редакция
Дата на регистрацията/редакция 2022-06-21
Служител, извършил регистрацията/редакцията К.Д.
Наличности
Код за отписване Код за изгубен артикул Източник на класификационната схема Код за повреда Коз за рестрикции Код за отдаване Артикулен № Име на библиотеката - собственик Име на библиотеката, в която се намира в момента Статус (Текущо местоположение) Дата на вписване в системата Местоположение - отдел Цена в лева Инвентарен номер Систематично азбучна сигнатура Баркод Номер на екземпляра Цена в евро Служебна бележка Служебен тип на артикула Бележка за публиката
  Не е изгубен Universal Decimal Classification Не е повреден само за читалня ползва се в читалня 293146 Регионална библиотека "Любен Каравелов" Русе Регионална библиотека "Любен Каравелов" Русе Хранилище 1969-01-01 Основен фонд - ползва се само за читалня 1.46 57854 Цб 50220 120000057854 1 0.75 N: стар фонд Дата: 01.01.1969 Книги  
Изтеглен Не е изгубен   Не е повреден без рестрикции заемане за дома 293147 Регионална библиотека "Любен Каравелов" Русе Регионална библиотека "Любен Каравелов" Русе   1969-01-01 Детски отдел 1.46 57859 ДХ 820/899/П 88 57859 2 0.75 N: стар фонд Дата: 01.01.1969 Дата инв: 14.09.2015 Бележки инв: Д2015 Книги Отч.N: 35/2017 , Дата: 05.09.2017
Vip Innovations Ltd, Rousse, Bulgaria 2025